00560nam a22001817a 4500999001900000005001700019010001500036020002600051035001400077037001300091082001600104100001600120245005800136260005500194270008200249300002100331942002600352 c194956d19495620230202161440.0 aENG-136108 a9789380530291c100.00 aEN-119640 bDBAD/PUB a332.1023768 aMurugan, R. aBanking:cR. Murugan, K. Singaravelu and S. Murugaian aNew DelhibMarkazi Maktaba Islami Publishersc2016 aD-307, Dawat Nagar, Abul Fazl Enclave, Jamia Nagar, Okhla bNew Delhie110025 a192p.c22cm(pbk) 2ddccENh332.102mSID